书目信息 |
| 题名: |
Canon EOS 500D数码单反超级手册
|
|
| 作者: | ;陈瑞 改编 ;DIGI PHOTO编辑部 著 | |
| 分册: | ||
| 出版信息: | 北京 人民邮电出版社 2009 |
|
| 页数: | 113页 | |
| 开本: | 29cm | |
| 丛书名: | ||
| 单 册: | ||
| 中图分类: | TB852.1 | |
| 科图分类: | ||
| 主题词: | 数字照相机--单镜头反光照相机--基本知识 , 数字照相机 , 单镜头反光照相机 | |
| 电子资源: | ||
| ISBN: | 978-7-115-21439-3 | |
| 000 | 01060nam0 2200277 45 | |
| 001 | 1033115031 | |
| 005 | 20100407101809.98 | |
| 010 | @a978-7-115-21439-3@dCNY49.00 | |
| 100 | @a20100106d2009 em y0chiy50 ea | |
| 101 | 0 | @achi |
| 102 | @aCN@b110000 | |
| 105 | @aa z 000yy | |
| 106 | @ar | |
| 200 | 1 | @aCanon EOS 500D数码单反超级手册@ACanon EOS 500D Shu Ma Dan Fan Chao Ji Shou Ce@fDIGI PHOTO编辑部著@FDIGI PHOTO Bian Ji Bu Zhu@g陈瑞改编 |
| 210 | @a北京@c人民邮电出版社@d2009 | |
| 215 | @a113页@c彩照@d29cm | |
| 305 | @a由城邦文化股份有限公司流行风出版事业部授权出版 | |
| 330 | @a本书主要内容包括:EOS 500D性能特点、EOS 500D机身详细介绍、情景模式拍摄方法、手动模式拍摄技巧、入门镜头推荐以及与EOS 500D相关的摄影配件和相机清洁保养方面的知识。 | |
| 606 | 0 | @a数字照相机@x单镜头反光照相机@x基本知识 |
| 606 | 0 | @a数字照相机 |
| 606 | 0 | @a单镜头反光照相机 |
| 690 | @aTB852.1@v4 | |
| 702 | 0 | @a陈瑞@AChen Rui@4改编 |
| 711 | 02 | @aDIGI PHOTO编辑部@ADIGI PHOTO Bian Ji Bu@4著 |
| 801 | 0 | @aCN@bTANGWEI@c20100407 |
| 905 | @b0588589-91@dTB852.1@e146@f3 | |
| Canon EOS 500D数码单反超级手册/DIGI PHOTO编辑部著/陈瑞改编.-北京:人民邮电出版社,2009 |
| 113页:彩照;29cm |
| ISBN 978-7-115-21439-3:CNY49.00 |
| 本书主要内容包括:EOS 500D性能特点、EOS 500D机身详细介绍、情景模式拍摄方法、手动模式拍摄技巧、入门镜头推荐以及与EOS 500D相关的摄影配件和相机清洁保养方面的知识。 |
| ● |
| 相关链接 |
|
|
|
|
正题名:Canon EOS 500D数码单反超级手册
索取号:TB852.1/146
 
预约/预借
| 序号 | 登录号 | 条形码 | 馆藏地/架位号 | 状态 | 备注 |
| 1 | 0588589 | 205885899 | 第二样本阅览室/ [索取号:TB852.1/146] | 在馆 | |
| 2 | 0588590 | 205885906 | 第三借阅区/ [索取号:TB852.1/146] | 在馆 | |
| 3 | 0588591 | 205885915 | 第三借阅区/ [索取号:TB852.1/146] | 在馆 |